000 00651nam a2200277Ia 4500
005 20260324123629.0
008 008 260324s9999 xx 000 0 eng d
020 _a9781315245447
037 _aEBOOK
040 _aCRL
040 _beng
040 _cCRL
041 _2eng
041 _aeng
084 _qCRL
100 _aDennis M. Read
_91171039
245 0 _aR. H. Cromek, Engraver, Editor, and Entrepreneur
260 _bTaylor and Francis
260 _c2011
365 _a
365 _b240
856 _uhttp://www.taylorfrancis.com/books/9781315245447
942 _cEBOOK
999 _c1764732
_d1764732